000 00674nam a2200241 i 4500
001 4098394
003 GBCCL
005 20241126110342.0
008 741113s1974 miu b 000 0 eng
010 _a 74081783
020 _a0801053447 :
_c$9.95
040 _aDLC
_cDLC
_dDLC
050 0 0 _aBV2061
_b.K36
082 0 0 _a266
_bKAN
100 1 _aKane, J. Herbert.
245 1 0 _aUnderstanding Christian missions /
_cby J. Herbert Kane.
260 _aGrand Rapids, Mich. :
_bBaker Book House,
_c1978
300 _a452 p. ;
_c24 cm.
504 _aBibliography: p. 443-452.
650 0 _aMissions.
906 _a7
_bcbc
_corignew
_d2
_eopcn
_f19
_gy-gencatlg
942 _2ddc
_cBK
_06
999 _c636
_d636